Ангаро-Илимские железорудные месторождения Восточной Сибири (первые итоги разведки); Краткий геологический очерк; Разведочные работы

Bibliographic Details
Corporate Author: Главное геолого-гидро-геодезическое управление (ГГГГУ) Восточно-Сибирский геолого-гидро-геодезический трест
Language:Russian
Published: Москва, Государственное горно-геолого-нефтяное изд-во, 1934
TOC:Н. П. Аникеев, Краткий геологический очерк;
В. П. Зорин, Разведочные работы;
Series:Труды Восточно-Сибирского геолого-гидро-геодезического треста Вып. 5
Subjects:
Format: Book
KOHA link:https://koha.lib.tpu.ru/cgi-bin/koha/opac-detail.pl?biblionumber=363388

MARC

LEADER 00000nam0a2200000 4500
001 363388
005 20231102011602.0
035 |a (RuTPU)RU\TPU\retro\20735 
035 |a RU\TPU\book\340912 
090 |a 363388 
100 |a 20210929d1934 k y0rusy50 ca 
101 0 |a rus 
102 |a RU 
105 |a a z 001zy 
200 1 |a Ангаро-Илимские железорудные месторождения Восточной Сибири (первые итоги разведки)  |f Главное геолого-гидро-геодезическое управление (ГГГГУ), Восточно-Сибирский геолого-гидро-геодезический трест 
210 |a Москва  |a Грозный  |a Ленинград  |a Новосибирск  |c Государственное горно-геолого-нефтяное изд-во  |d 1934 
215 |a 44 с.  |c ил. 
225 1 |a Труды Восточно-Сибирского геолого-гидро-геодезического треста  |v Вып. 5 
464 |t Краткий геологический очерк  |f Н. П. Аникеев 
464 |t Разведочные работы  |f В. П. Зорин 
606 1 |a Железорудные месторождения  |y Сибирь  |2 stltpush  |3 (RuTPU)RU\TPU\subj\72210  |9 85780 
610 1 |a генетические данные 
610 1 |a траппы 
610 1 |a руды 
610 1 |a зональность 
610 1 |a разведочные работы 
610 1 |a опробование 
610 1 |a запасы 
675 |a 553.31(571)  |v 3 
712 0 2 |a Главное геолого-гидро-геодезическое управление (ГГГГУ)  |b Восточно-Сибирский геолого-гидро-геодезический трест  |c (1933-1935)  |2 stltpush  |3 (RuTPU)RU\TPU\col\16450 
801 1 |a RU  |b 63413507  |c 20160302 
801 2 |a RU  |b 63413507  |c 20210929  |g RCR 
942 |c BK